Edvard Munch

Gorde:
Xehetasun bibliografikoak
Egile nagusia: Hüttinger, Eduard (Egilea)
Formatua: Liburua
Hizkuntza:gaztelania
Argitaratua: Buenos Aires Codex 1969
Saila:Pinacoteca de los Genios, 169
Gaiak:
Etiketak: Etiketa erantsi
Etiketarik gabe, Izan zaitez lehena erregistro honi etiketa jartzen!

MARC

LEADER 00000nam a2200000 a 4500
001 UCM1850
003 CL-VaPUC
008 020412e19690000AG |||||||||||||||||spa|d
082 0 4 |a 759.81  |b HUT  |2 21 
100 |a Hüttinger, Eduard  |e author  |9 573253 
245 1 0 |a Edvard Munch 
300 |a 16 p 
942 |c BK 
945 |d 20020412 00:00:00  |a cmena 
260 |a Buenos Aires  |b Codex  |c 1969 
600 0 |a Munch, Eduard,  |d 1863-1944  |9 268906 
650 0 |a Pintura noruega  |9 468783 
650 0 |a Obras ilustradas  |9 265022 
651 7 |a NORUEGA  |2 CL-VaPUC  |9 268907 
583 |a last modification  |c 20020412 00:00:00  |k Rodrigo Vera 
490 0 |a Pinacoteca de los Genios, 169 
999 |c 300079  |d 300077 
952 |0 0  |1 0  |2 ddc  |4 0  |6 759_810000000000000_HUT_1969  |7 0  |8 A  |9 357365  |a BIBART  |b BIBART  |d 2019-11-21  |i 3807827  |o 759.81 HUT 1969  |p 3807827  |r 2025-03-13  |w 2019-11-21  |y BK  |k ART